00887nam a2200229 i 450000100060000000300090000600500170001500700030003200800410003508000410007610000380011724501290015526000430028430000320032760000530035965500480041271000280046085200220048894200080051099900170051895201220053513965ES-MaACL20230906150712.0t|980825s1990 sp a |||| | spa d a75 Hernández Quero, José (064.3)1 aHernández Quero, José.96303013aLa obra de Hernández Quero en Banco de Granada b: Galería de Exposiciones, Banco de Granada, Granada, marzo-abril 1990. aGranada : bBanco de Granada, c[1990] a[160] p. : bil. ; c23 cm.14aHernández Quero, José-vExposiciones.963031 72tgfbne9193628aCatálogos de exposiciones2 aBanco de Granada.92110 aES-MaACLjL-21082 2udc c13965d13965 00104070aATENEOMbATENEOMcDEPO2d2008-01-17eSCl0oL-21082p1014209r2023-02-23 00:00:00w2023-02-23yMONOGRAFIA